Football Teams Robin van Persie Played For - Statistics

General Stats
  • This quiz has been taken 93 times
  • The average score is 5 of 5
Answer Stats
League Years Team % Correct
England 2004-2012 Arsenal FC
100%
England 2012-2015 Manchester United
99%
Netherlands 2001-2004 Feyenoord
90%
Netherlands 2018-2019 Feyenoord
90%
Turkey 2015-2018 Fenerbahçe SK
79%
No matching quizzes found
Score Distribution
Percent of People with Each Score
Percentile by Number Answered
Your Score History
You have not taken this quiz